|
|
|
|
| LEADER |
01343nam a2200289 a 4500 |
| 001 |
GR-Patra21441 |
| 008 |
070425s1995 gr g b 001 0 eng d |
| 020 |
|
|
|a 0071438009
|
| 040 |
|
|
|a GrPaTEI
|b gre
|c GR-PaULI
|
| 040 |
|
|
|a GrPaTEI
|b gre
|c GR-PaULI
|
| 082 |
|
0 |
|a 624.17
|2 21
|
| 100 |
1 |
|
|a Lin, Y.K. (Yu-Kweng)
|
| 245 |
1 |
0 |
|a Probabilistic structural dynamics :
|b Advanced theory and applications /
|c Y.K.Lin, G.Q.Cai.
|
| 260 |
|
|
|a United States :
|b McGraw-Hill,
|c 1995
|
| 300 |
|
|
|a xiii, 546 σ. :
|b εικ.
|
| 504 |
|
|
|a Περιλαμβάνει βιβλιογραφικές παραπομπές ( σ. 527-540 ) και ευρετήριο.
|
| 650 |
|
0 |
|a Stochastic processes
|
| 650 |
|
0 |
|a Structural dynamics
|
| 650 |
|
4 |
|a Δυναμική των κατασκευών
|
| 650 |
|
4 |
|a ΚΑΤΑΣΚΕΥΕΣ
|
| 700 |
1 |
|
|a Cai, G.Q. (Guo-Qiang)
|
| 710 |
0 |
|
|a McGraw-Hill
|
| 942 |
|
|
|2 ddc
|
| 952 |
|
|
|0 0
|1 0
|2 ddc
|4 0
|6 624_170000000000000_LIN
|7 0
|9 301764
|a LISK
|b LISK
|c BSC
|d 2021-01-17
|e 24
|f 0
|g 0.00
|l 0
|o 624.17 LIN
|p 92410031233
|r 2021-01-17 00:00:00
|t 1
|w 2021-01-17
|y BK15
|x 20070425 0 1
|x GrPaTEI
|
| 952 |
|
|
|0 0
|1 0
|2 ddc
|4 0
|6 624_170000000000000_LIN
|7 1
|9 301765
|a LISK
|b LISK
|c BSC
|d 2021-01-17
|e 24
|f 0
|g 0.00
|l 0
|o 624.17 LIN
|p 92410031234
|r 2021-01-17 00:00:00
|t 1
|w 2021-01-17
|y BKN
|x 20070425 0 0
|x GrPaTEI
|
| 971 |
|
|
|a .b26690147
|b 15-04-20
|c 26-09-16
|
| 999 |
|
|
|c 175425
|d 175425
|